| 000 | 00671nam a22002057a 4500 | ||
|---|---|---|---|
| 999 |
_c20041 _d20041 |
||
| 003 | AR-CdUCM | ||
| 008 | 190510b ||||| |||| 00| 0 spa d | ||
| 040 |
_aMUNICIPALIDAD PROVINCIAL DEL CUSCO _cBIBLIOTECA MUNICIPAL DEL CUSCO |
||
| 082 |
_a591.5 / _bC31 |
||
| 100 |
_aCarthy, J. D. _918874 |
||
| 245 | _aLa conducta de los animales / | ||
| 260 |
_aEspaña : _bSalvat, _c1969. |
||
| 300 |
_a175 página ; _c20 cm. |
||
| 505 | _aContenido : ¿Que es la conducta? -- Los estímulos y los sentidos -- La vida en sociedad ... | ||
| 650 |
_aConducta _95062 |
||
| 650 |
_aAnimal _920231 |
||
| 650 |
_aTerritorio _914668 |
||
| 942 |
_2ddc _cLIBROS |
||
| 945 |
_aAndy _d2019-05-16 |
||